000 00387 a2200157 4500
999 _c8089
_d8089
020 _a8120312740
050 _aHG3881BUC2001
100 _aBuckley, Adrian
245 _aMultinational finance /
_cAdrian Buckley
250 _a3rd ed.
264 _aNew Dehli
_bPrentice Hall
_c2001
300 _a604p.
500 _aIncludes index
650 _aFiinance
942 _2olc
_cBK
_h3881
_iBUC
_kHG